000 00437nam a2200157 i 4500
001 72317
003 ES-MaACL
005 20230906171411.0
007 t|
008 040830s1972 sp ||||1| spa d
100 1 _aGiner de Grado, Carlos.
_957119
245 1 0 _aFuera y dentro de la polĂ­tica /
_cCarlos Giner de Grado.
260 _aBilbao :
_bMensajero,
_c[1972]
300 _a195 p. ;
_c19 cm.
852 _aES-MaACL
_jC-46992
_bR.80854
999 _c72317
_d72317